| 000 | 00583nam a2200133Ia 4500 | ||
|---|---|---|---|
| 008 | 171212s9999 xx 000 0 und d | ||
| 020 | _a9780833084996 | ||
| 100 | _aPierson, Ashley;Karoly, Lynn A.;Zellman, Gail L.;Beckett, Megan K. | ||
| 245 |
_cPierson, Ashley;Karoly, Lynn A.;Zellman, Gail L.;Beckett, Megan K. _aEarly and School-Age Care in Santa Monica _bCurrent System, Policy Options, and Recommendations: Executive Summary |
||
| 260 |
_bRAND Corporation _c2014 |
||
| 440 | _aResearch Reports | ||
| 650 | _aEducation | ||
| 856 | _uhttp://www.jstor.org/stable/10.7249/j.ctt6wq8ps | ||
| 999 |
_c351973 _d351973 |
||